header

Three comedies (Record no. 20446)

MARC details
000 -LEADER
fixed length control field 01293nam a2200301 a 4500
082 04 - DEWEY DECIMAL CLASSIFICATION NUMBER
Classification number 809.2
100 1# - MAIN ENTRY--AUTHOR NAME
Personal name Salom, Jaime.
245 10 - TITLE STATEMENT
Title Three comedies
260 ## - PUBLICATION, DISTRIBUTION, ETC. (IMPRINT)
Place of publication Boulder, Colo. :
Name of publisher University Press of Colorado,
Year of publication c2004.
300 ## - PHYSICAL DESCRIPTION
Number of Pages 1 online resource (227 p.) :
Other physical details ill., photographs.
650 #0 - SUBJECT ADDED ENTRY--TOPICAL TERM
Topical Term Drama.
700 1# - ADDED ENTRY--PERSONAL NAME
Personal name Racz, Gregary J.
856 40 - ELECTRONIC LOCATION AND ACCESS
Uniform Resource Identifier http://site.ebrary.com/lib/rucke/Doc?id=10701165
588 ## -
-- Description based on online resource; title from title page (ebrary, viewed May 29, 2013).

No items available.

© 2026 Rongo University
Contact us: librarian | system librarian | Rongo university